| Tag |
First Indicator |
Second Indicator |
Subfields |
| LEADER |
00000cam a2200000 i 4500 |
| 001 |
in00000795621 |
| 005 |
20170802145705.0 |
| 008 |
780901s1978 dcuabf b f000 0 eng c |
| 035 |
|
|
|a (OCoLC)ocm04199296
|
| 035 |
|
|
|a (OCoLC)04199296
|
| 035 |
|
|
|9 ADS0664AM
|
| 040 |
|
|
|a GPO
|b eng
|e rda
|c GPO
|d OCLCQ
|d OCLCF
|d OCLCQ
|d OCLCO
|d TXA
|
| 035 |
|
|
|a (OCoLC)4199296
|
| 042 |
|
|
|a pcc
|
| 043 |
|
|
|a n-us-mo
|
| 050 |
|
4 |
|a GB1399.2
|
| 074 |
|
|
|a 594-C-28
|
| 086 |
0 |
|
|a HH 10.9:L 58/4
|
| 049 |
|
|
|a TXAM
|
| 245 |
0 |
0 |
|a Flood insurance study.
|p Village of Lewis and Clark, Missouri, Buchanan County.
|
| 246 |
3 |
0 |
|a Village of Lewis and Clark, Missouri, Buchanan County.
|
| 264 |
|
1 |
|a [Washington, D.C.] :
|b U.S. Department of Housing & Urban Development, Federal Insurance Administration,
|c [1978]
|
| 300 |
|
|
|a ii, 9 pages, 1 folded leaf of plates :
|b illustrations, map ;
|c 28 cm
|
| 336 |
|
|
|a text
|b txt
|2 rdacontent
|
| 337 |
|
|
|a unmediated
|b n
|2 rdamedia
|
| 338 |
|
|
|a volume
|b nc
|2 rdacarrier
|
| 500 |
|
|
|a "March 1978."
|
| 504 |
|
|
|a Includes bibliographical references.
|
| 500 |
|
|
|a Location map on cover.
|
| 500 |
|
|
|a Title from cover.
|
| 650 |
|
0 |
|a Flood insurance
|z Missouri
|z Buchanan County.
|
| 650 |
|
7 |
|a Flood insurance.
|2 fast
|0 (OCoLC)fst01715819
|
| 651 |
|
7 |
|a Missouri
|z Buchanan County.
|2 fast
|0 (OCoLC)fst01209438
|
| 650 |
|
0 |
|a Flood forecasting
|z Missouri
|z Buchanan County.
|
| 655 |
|
7 |
|a Technical reports.
|2 lcgft
|
| 710 |
1 |
|
|a United States.
|b Federal Insurance Administration,
|e issuing body.
|
| 856 |
4 |
1 |
|z Available online at HathiTrust:
|u http://n2t.net/ark:/81423/m3zw8d
|t 0
|
| 994 |
|
|
|a C0
|b TXA
|
| 949 |
|
|
|a updated
|b h
|c 2017/7/20
|e mbradley
|f 10:46:14 am
|
| 999 |
f |
f |
|s 18d03744-46f8-360c-b701-6122459c9870
|i 65ce4407-e8a9-3c5a-af17-536c30a96d6a
|t 0
|
| 952 |
f |
f |
|a Texas A&M University
|b College Station
|c Electronic Resources
|d Available Online
|t 0
|e HH 10.9:L 58/4
|g Electronic
|h Superintendent of Documents classification
|
| 998 |
f |
f |
|a HH 10.9:L 58/4
|t 0
|l Available Online
|